01069nam a2200253 i 450000100060000000300090000600500170001500800410003202000180007308000370009108000230012810000460015124501650019725000120036226000430037430000410041750400340045860000550049265100560054770000510060385200220065499900170067695201220069311215ES-MaACL20250927164143.0960221s1995 sp ||||1| spa d a84-01-37551-7 a32 Fernández Miranda, Torcuato a32(460)"1975/1976"1 aFernández-Miranda Lozana, Pilar.94993010aLo que el Rey me ha pedido b: Torcuato Fernández-Miranda y la reforma política / cPilar Fernández-Miranda Lozana, Alfonso Fernández-Miranda Campoamor. a5ª ed. aBarcelona : bPlaza & Janés, c1995. a395 p., [32] p. de lám. ; c22 cm. aBibliografía : p. 377-[386]14aFernández-Miranda, Torcuato, d1915-19809171853 4aEspaña-xPolítica y gobierno-y1975-1982.984471 aFernández-Miranda Campoamor, Alfonso.949929 aES-MaACLjL-18501 c11215d11215 00104070aATENEOMbATENEOMcDEPO2d2008-01-17eSCl0oL-18501p1011436r2023-02-23 00:00:00w2023-02-23yMONOGRAFIA